Entre la crisis y la revolución (Registro nro. 5771)

Detalles MARC
000 -LEADER
fixed length control field 01404 a2200289 4500
001 - CONTROL NUMBER
control field 54749
005 - DATE AND TIME OF LATEST TRANSACTION
control field 20260407155823.0
008 - FIXED-LENGTH DATA ELEMENTS--GENERAL INFORMATION
fixed length control field 260407a1988 arg spa d
003 - CONTROL NUMBER IDENTIFIER
control field AR-UNSa-BCEJYS
040 ## - CATALOGING SOURCE
Original cataloging agency AR-UNSa-BCEJYS
Language of cataloging spa
Transcribing agency AR-UNSa-BCEJYS
080 ## - UNIVERSAL DECIMAL CLASSIFICATION NUMBER
Universal Decimal Classification number 94
Common auxiliary subdivision Historia General
020 ## - INTERNATIONAL STANDARD BOOK NUMBER
International Standard Book Number 950-9414-26-3
041 ## - LANGUAGE CODE
Language code of text/sound track or separate title spa
100 1# - MAIN ENTRY--PERSONAL NAME
Personal name Ponsati, Arturo
245 10 - TITLE STATEMENT
Title Entre la crisis y la revolución
250 ## - EDITION STATEMENT
Edition statement 2a. ed.
264 #1 - PRODUCTION, PUBLICATION, DISTRIBUTION, MANUFACTURE, AND COPYRIGHT NOTICE
Place of production, publication, distribution, manufacture San Miguel de Tucumán :
Name of producer, publisher, distributor, manufacturer Ediciones El Graduado
Date of production, publication, distribution, manufacture, or copyright notice 1988
300 ## - PHYSICAL DESCRIPTION
Extent 260 p.
Dimensions 20 cm.
505 ## - FORMATTED CONTENTS NOTE
Formatted contents note I. La pérdida del dominio sobre el contorno - II. La Revolución Tecnológica - III. La explosión demográfica y el hambre - IV. El hábitat humano - V. La cultura de masas - VI. La aceleración histórica - VII. La hipertrofia de las expectativas - VIII. El individualismo - IX. El colectivismo - X. Irracionalismo,cientificismo,hedonismo - XI. El humanismo cristiano - XII. Hacia el capitalismo - XIII. El capitalismo - XIV. Neocapitalismo y socialismo - XV. El estado moderno - XVI. La democracia - XVII. La guerra - XVIII. El nacionalismo y el imperialismo - XIX. El subdesarrollo y el conflicto Norte-Sur
590 ## - LOCAL NOTE (RLIN)
Local note niveau_biblio:m niveau_hierar:0
700 1# - ADDED ENTRY--PERSONAL NAME
Personal name Carracedo, Rosendo Matías
700 1# - ADDED ENTRY--PERSONAL NAME
Personal name Noli, Alicia
700 1# - ADDED ENTRY--PERSONAL NAME
Personal name Diaz Ricci, Raúl
700 1# - ADDED ENTRY--PERSONAL NAME
Personal name Cerro de Quintana, Maria Marta
700 1# - ADDED ENTRY--PERSONAL NAME
Personal name Gandur, Sergio
942 ## - ADDED ENTRY ELEMENTS (KOHA)
Koha item type
Existencias
Withdrawn status Lost status Damaged status Not for loan Home library Current library Shelving location Date acquired Total checkouts Full call number Barcode Date last seen Price effective from Koha item type
        Biblioteca Prof. Eusebio Cleto del Rey Biblioteca Prof. Eusebio Cleto del Rey   07/04/2026   94 P798 2ed. L65066 07/04/2026 07/04/2026 Libro